Použitie pokročilého fentonovského procesu na degradáciu chlórovaných polutantov

Uložené v:
Podrobná bibliografia
Hlavný autor: Čižmárová, Oľga (Autor)
Ďalší autori: Prousek, Jozef (Vedúci práce)
Médium: Rukopis Kniha
Jazyk:Slovak
Vydavateľské údaje: 2015
Predmet:
On-line prístup:http://is.stuba.sk/zp/portal_zp.pl?podrobnosti=92556
Tagy: Pridať tag
Žiadne tagy, Buďte prvý, kto otaguje tento záznam!

MARC

LEADER 00000ntm a22000003a 4500
001 stuzp46708
003 SK-STU
005 20160719153135.4
007 ta
008 150427s2015----xo-----f-mn---000-0-slo-d
040 |a STU  |b slo 
041 0 |a slo 
100 1 |a Čižmárová, Oľga  |u 046290  |4 aut  |U FCHPT Ústav chemického a environmentálneho inžinierstva  |T FCHPT Oddelenie environmentálneho inžinierstva  |X 42460  |U C6290  |Y 120  |7 A0000042460 
242 0 1 |a Degradation of chlorinated pollutants using advanced Fenton processes  |y eng 
245 1 0 |a Použitie pokročilého fentonovského procesu na degradáciu chlórovaných polutantov 
260 |c 2015 
650 4 |a kyseliny chlóroctové  |2 slo 
650 4 |a 1,1,2,2-tetrachlóretán  |2 slo 
650 4 |a lindán  |2 slo 
650 4 |a Fentonova reakcia  |2 slo 
650 4 |a nanomagnetit  |2 slo 
650 4 |a chloralhydrát  |2 slo 
650 4 |a reakcia podobná Fentonovej reakcii  |2 slo 
650 4 |a nanomagnetite  |2 eng 
650 4 |a chloroacetic acids  |2 eng 
650 4 |a chloral hydrate  |2 eng 
650 4 |a lindane  |2 eng 
650 4 |a 1,1,2,2-tetrachloroethane  |2 eng 
650 4 |a Fenton-like reaction  |2 eng 
650 4 |a Fenton reaction  |2 eng 
700 1 |a Prousek, Jozef  |4 ths  |X 3296  |7 A000003296 
856 4 |u http://is.stuba.sk/zp/portal_zp.pl?podrobnosti=92556 
SQL |a stuzp46708  |b DBP  |c SLO  |d Použitie pokročilého fentonovského procesu na degradáciu chlórovaných polutantov  |e 42460  |f Čižmárová, Oľga  |g 046290  |h 3296  |i Prousek, Jozef  |j 20150713  |k 753  |l 04  |m http://is.stuba.sk/zp/portal_zp.pl?podrobnosti=92556  |n B-CHEMAT  |o 4.1.14. chémia, 5.2.18. chemické technológie